书目信息 |
| 题名: |
CORBA原理及应用
|
|
| 作者: | 朱其亮 , 郑斌 编著 | |
| 分册: | ||
| 出版信息: | 北京 北京邮电大学出版社 2001 |
|
| 页数: | 396页 | |
| 开本: | 26cm | |
| 丛书名: | ||
| 单 册: | ||
| 中图分类: | TP338.8 | |
| 科图分类: | ||
| 主题词: | 分布式处理系统--高等学校--教材 , 分布式处理系统 | |
| 电子资源: | ||
| ISBN: | 7-5635-0444-3 | |
| 000 | 00951nam0 2200265 450 | |
| 001 | 012007742771 | |
| 005 | 20070517141234.73 | |
| 010 | @a7-5635-0444-3@dCNY46.00 | |
| 100 | @a20070427d2001 km y0chiy0120 ea | |
| 101 | 0 | @achi |
| 102 | @aCN@b110000 | |
| 105 | @ay z 000yy | |
| 106 | @ar | |
| 200 | 1 | @aCORBA原理及应用@ACORBA yuan li ji ying yong@f朱其亮,郑斌编著@Fzhu qi liang,zheng bin bian zhu |
| 210 | @a北京@c北京邮电大学出版社@d2001 | |
| 215 | @a396页@d26cm | |
| 300 | @a21世纪信息通信系列教材 | |
| 330 | @a本书主要内容有:CORBA简介;CORBA是怎样组成和工作的;IDL语言及其映射;CORBA编程;什么是CORBA的通信模型;CORBA服务;CORBA的实际应用;CORBA与其它应用技术的结合以及CORBA的新特性;CORBA平台等。 | |
| 606 | 0 | @a分布式处理系统@x高等学校@j教材 |
| 606 | 0 | @a分布式处理系统 |
| 690 | @aTP338.8@v4 | |
| 701 | 0 | @a朱其亮@Azhu qi liang@4编著 |
| 701 | 0 | @a郑斌@Azheng bin@4编著 |
| 801 | 0 | @aCN@bRULIN@c20070517 |
| 905 | @dTP338.8@e88@s8 | |
| CORBA原理及应用/朱其亮,郑斌编著.-北京:北京邮电大学出版社,2001 |
| 396页;26cm |
| 21世纪信息通信系列教材 |
| ISBN 7-5635-0444-3:CNY46.00 |
| 本书主要内容有:CORBA简介;CORBA是怎样组成和工作的;IDL语言及其映射;CORBA编程;什么是CORBA的通信模型;CORBA服务;CORBA的实际应用;CORBA与其它应用技术的结合以及CORBA的新特性;CORBA平台等。 |
| ● |
| 相关链接 |
|
|
|
|
正题名:CORBA原理及应用
索取号:TP338.8/88
 
预约/预借
| 序号 | 登录号 | 条形码 | 馆藏地/架位号 | 状态 | 备注 |
| 1 | 0574731 | 205747316 | 第二样本阅览室/ [索取号:TP338.8/88] | 在馆 | |
| 2 | 0574732 | 205747325 | 第三借阅区/ [索取号:TP338.8/88] | 在馆 | |
| 3 | 0574733 | 205747334 | 第三借阅区/ [索取号:TP338.8/88] | 在馆 | |
| 4 | 0574734 | 205747343 | 第三借阅区/ [索取号:TP338.8/88] | 在馆 | |
| 5 | 0574735 | 205747352 | 第三借阅区/ [索取号:TP338.8/88] | 在馆 | |
| 6 | 0574736 | 205747361 | 第三借阅区/ [索取号:TP338.8/88] | 在馆 | |
| 7 | 0574737 | 205747370 | 第三借阅区/ [索取号:TP338.8/88] | 在馆 | |
| 8 | 0574738 | 205747389 | 第三借阅区/ [索取号:TP338.8/88] | 在馆 |